[Event "8. Arber-Schachopen 2019"]
[Site "Bodenmais"]
[Date "2019.07.27"]
[Round "1.20"]
[White "Kiwitz, Henri"]
[Black "Hoffmann, Sebastian"]
[Result "0-1"]
[WhiteElo "1755"]
[BlackElo "2199"]
[Annotator "TA"]
[PlyCount "60"]
[EventDate "2019.07.27"]
[EventCountry "GER"]
[SourceTitle "playchess.com"]
[Source "ChessBase"]
[SourceQuality "1"]

{[%evp 9,60,0,11,11,11,10,10,8,28,0,7,0,0,-15,-14,-14,-8,-15,-16,-12,-3,-4,-13,-12,-4,-8,-5,-19,-8,-34,31,35,31,-17,-21,-11,-12,-35,-32,-48,0,-27,-23,-19,-20,-99,-74,-203,-184,-315,-327,-329,-310]} 1. d4 d5 2. Bf4 Nf6 3. e3 c5 4. c3 Nc6 5. Nd2 cxd4 (5... Qb6 6. Qb3 Nh5 7. Qxb6 axb6 8. Bc7 cxd4 9. exd4 e5 10. Bxe5 Nxe5 11. dxe5 Bc5 12. g3 O-O {1-0 (76) Aronian,L (2765)-Caruana,F (2832) London 2018}) 6. exd4 {D00: 1 d4 d5: Unusual lines} Bf5 7. Ngf3 e6 8. Qb3 {The position is equal.} Qc8 9. h3 Be7 10. Nh4 Be4 {Hoping for ...Nh5.} 11. Nxe4 dxe4 12. g3 O-O $146 ({Predecessor:} 12... Nd5 13. Ng2 Nxf4 14. Nxf4 {½-½ (35) Sulskis,S (2577)-Asrian,K (2591) Batumi 2002}) 13. Be2 Rd8 14. Ng2 Nd5 15. O-O Nxf4 16. Nxf4 Bg5 17. Ng2 Qc7 18. h4 Bh6 19. Rfe1 e5 (19... Na5 $15 20. Qa4 a6) 20. d5 Na5 21. Qd1 Nc4 22. Bxc4 Qxc4 23. Qe2 Qxe2 24. Rxe2 f5 25. c4 Rac8 $36 {[%mdl 2048] White is under pressure.} 26. g4 {And now g5 would win.} g6 ({Don't play} 26... Rxc4 $6 27. g5 $14) 27. g5 (27. gxf5 $11 {keeps the balance.} gxf5 28. b3) 27... Bg7 28. Rc1 {[#]} (28. b3 $17 {keeps fighting.}) 28... Rxd5 $1 $19 {[%mdl 512]} 29. cxd5 (29. Ne3 $142 Rd3 30. Rec2) 29... Rxc1+ 30. Kh2 Kf7 {Accuracy: White = 38%, Black = 76%.} 0-1

[Event "8. Arber-Schachopen 2019"]
[Site "Bodenmais"]
[Date "2019.07.27"]
[Round "1.21"]
[White "Bergmann, Reiner"]
[Black "Beck, Gerald"]
[Result "0-1"]
[WhiteElo "1823"]
[BlackElo "2176"]
[Annotator "TA"]
[PlyCount "45"]
[EventDate "2019.07.27"]
[EventCountry "GER"]
[SourceTitle "playchess.com"]
[Source "ChessBase"]
[SourceQuality "1"]

{[%evp 9,45,-7,-10,-16,19,9,23,14,31,-38,-24,-312,-318,-328,-308,-366,-389,-384,-381,-368,-333,-338,-322,-414,-410,-506,-476,-468,-460,-442,-461,-455,-445,-475,-447,-633,-627,-851]} 1. e4 c5 2. a3 a6 (2... Nc6 3. b4 Nf6 4. b5 Nd4 5. c3 Ne6 6. d3 g6 7. g3 Bg7 8. Bg2 O-O 9. Ne2 a6 10. bxa6 Rxa6 {½-½ (51) Nepomniachtchi,I (2751)-Dubov,D (2701) Moscow 2018}) 3. b4 e5 4. Nf3 Nc6 5. b5 $146 ({Predecessor:} 5. Bc4 Bd6 6. bxc5 Bxc5 7. c3 Qb6 8. d4 exd4 9. O-O Nge7 {½-½ (61) Bogdanovich,S (2593)-Erdogan,A (2106) Istanbul 2017}) 5... axb5 6. Bxb5 {B20: Sicilian: Unusual White 2nd moves} Nge7 7. Nc3 d6 8. h3 {White has an edge.} Bd7 9. Ng5 (9. Rb1 $14) 9... f6 $15 10. Bc4 $2 {[%mdl 8192]} (10. Nf3 $1 $11 {and White stays safe.}) 10... fxg5 $19 11. Qf3 {[%csl Gc4][%cal Rf3f7] [#]} d5 $1 12. exd5 (12. Nxd5 Nd4) 12... Nd4 13. Qh5+ g6 14. Qxg5 Nef5 15. Qxd8+ Kxd8 16. Kd1 b5 17. Ba2 b4 {Black is clearly winning.} 18. g4 bxc3 19. dxc3 Nb5 {[%mdl 64] [#] Double Attack} 20. gxf5 Nxc3+ 21. Kd2 Nxa2 22. Bb2 (22. Rxa2 $142 Bxf5 23. c4) 22... Bh6+ 23. Ke2 {Accuracy: White = 27%, Black = 71%.} 0-1

[Event "8. Arber-Schachopen 2019"]
[Site "Bodenmais"]
[Date "2019.07.27"]
[Round "1.22"]
[White "Schelle, Artur"]
[Black "Van Hoorebeke, Jimmy"]
[Result "1-0"]
[WhiteElo "2176"]
[BlackElo "1700"]
[Annotator "TA"]
[PlyCount "31"]
[EventDate "2019.07.27"]
[EventCountry "GER"]
[SourceTitle "playchess.com"]
[Source "ChessBase"]
[SourceQuality "1"]

{[%evp 9,31,25,22,20,45,16,24,20,155,145,168,173,256,265,258,262,248,264,364,334,514,542,1239,997]} 1. d4 f5 2. Nf3 Nf6 3. Bf4 g6 4. e3 Bg7 5. Bc4 e6 6. h3 {A80: Dutch Defence: Unusual White second moves} (6. Nc3 d5 7. Be2 c6 8. Ne5 Nbd7 9. h4 Nxe5 10. Bxe5 h6 11. f3 O-O 12. Qd2 Nh5 13. Bxg7 Kxg7 {1-0 (31) Agrest,E (2584)-Barseghyan,H (2467) chess.com INT 2018}) 6... d6 7. g4 fxg4 $146 ({Predecessor:} 7... d5 8. Be2 fxg4 9. hxg4 Nxg4 10. Qd3 e5 11. dxe5 O-O 12. Nc3 {½-½ (59) Vokac,M (2390)-Vykouk,J (2426) Ostrava 2018}) 8. hxg4 {White has an edge.} Nxg4 {[#]} (8... Nc6 $11 {remains equal.}) 9. Ng5 $1 $16 e5 10. Nf7 Qf6 (10... Qd7 $142) 11. dxe5 $18 dxe5 {[#]} 12. Bg3 $1 ({Worse is} 12. Nxh8 exf4 13. Qd5 (13. Rxh7 fxe3 14. f4 Qxb2 $17) 13... fxe3 $11) 12... Rf8 {White must now prevent ...Nc6.} 13. Bh4 g5 14. Nxg5 Nxf2 (14... Qc6 $142 15. Bd5 Qh6) 15. Qh5+ {[%mdl 64] Double Attack} Kd7 16. Nxh7 {Played: Nb1-c3} 1-0

[Event "8. Arber-Schachopen 2019"]
[Site "Bodenmais"]
[Date "2019.07.27"]
[Round "1.23"]
[White "Kronschnabl, Matthias"]
[Black "Schmid, Wolfgang"]
[Result "0-1"]
[WhiteElo "1837"]
[BlackElo "2162"]
[Annotator "TA"]
[PlyCount "48"]
[EventDate "2019.07.27"]
[EventCountry "GER"]
[SourceTitle "playchess.com"]
[Source "ChessBase"]
[SourceQuality "1"]

{[%evp 9,48,0,30,22,35,17,38,18,20,37,23,8,57,40,66,27,47,47,62,55,57,33,32,-161,-156,-156,-158,-158,-152,-155,-148,-293,-105,-187,-125,-141,-141,-196,-209,-278,-282]} 1. d4 Nf6 2. Bf4 d6 3. e3 g6 4. Nf3 Bg7 5. Be2 c6 (5... O-O 6. h3 b6 7. O-O Bb7 8. Bh2 Nbd7 9. c4 Ne4 10. Nfd2 Nxd2 11. Qxd2 c5 12. Nc3 cxd4 13. exd4 Nf6 14. d5 a6 15. Rfe1 Re8 {1-0 (35) Le,Q (2737)-Howell,D (2676) Riadh 2017}) 6. h3 {A48: 1 d4 Nf6 2 Nf3 g6: Torre, London and Colle Systems} Qb6 7. Qc1 Nbd7 8. Nbd2 {White is slightly better.} O-O 9. O-O Re8 10. c3 h6 11. Qc2 Nf8 $146 ({Predecessor:} 11... c5 12. Rfd1 Qc7 {0-1 (36) Pinheiro,J (2265)-De Andrade,W (2300) Sao Paulo 1995}) 12. Rab1 Qd8 13. Rfe1 Ne6 14. Bh2 Ng5 15. Nxg5 hxg5 16. Ne4 $2 (16. g4 $14) 16... Nxe4 $19 17. Qxe4 Bf5 {[%mdl 64] [#] Skewer} 18. Qf3 Bxb1 19. Rxb1 e5 20. d5 (20. Bf1 $17) 20... c5 $2 (20... e4 $19 21. Qg3 Be5) 21. Bb5 {[#]} (21. e4 $17) 21... Rf8 ({Better is} 21... e4 $1 $19 {[%cal Re4f3]} 22. Qe2 Rf8) 22. Qg4 a6 23. Bd3 (23. Ba4 $17) 23... f5 24. Qg3 e4 {Accuracy: White = 25%, Black = 49%.} 0-1

[Event "8. Arber-Schachopen 2019"]
[Site "Bodenmais"]
[Date "2019.07.27"]
[Round "1.24"]
[White "Hoffmann, Tim"]
[Black "Nahlik, Bernhard"]
[Result "1-0"]
[WhiteElo "2147"]
[BlackElo "1744"]
[Annotator "TA"]
[PlyCount "85"]
[EventDate "2019.07.27"]
[EventCountry "GER"]
[SourceTitle "playchess.com"]
[Source "ChessBase"]
[SourceQuality "1"]

{[%evp 9,85,29,25,0,23,28,58,22,59,66,52,43,50,55,66,54,91,16,123,76,112,21,16,-35,-12,-64,-63,-80,-62,-47,-59,-72,-66,-65,-62,-52,-59,-74,-50,-367,-358,-348,-247,-567,-396,-398,-394,-362,-363,-593,-385,-392,-105,-107,20,-212,-202,-327,59,41,362,330,29979,0,29980,29981,29981,29982,29982,29983,29983,29984,29984,29985,29983,29984,29981,29982]} 1. e4 d6 2. d4 Nf6 3. Nc3 g6 4. Bc4 Nxe4 (4... Bg7 5. Nf3 Nc6 6. h3 O-O 7. O-O Nxe4 8. Bxf7+ Rxf7 9. Nxe4 d5 10. Neg5 Rf8 11. Re1 Qd6 12. Ne5 Nxe5 13. dxe5 Bxe5 14. Qe2 Bf6 15. Nf3 Bf5 {½-½ (40) Romero Holmes,A (2469)-Peralta,F (2556) Rabat 2015}) 5. Nxe4 d5 {[%mdl 64] Double Attack} 6. Qe2 $146 {[%cal Re4f6] B07: Pirc Defence: Miscellaneous Systems} (6. Bd3 {looks sharper.} dxe4 7. Bxe4 e5 8. c3 Bg7 9. Nf3) ({Predecessor:} 6. Bxd5 Qxd5 7. f3 Bg7 8. Be3 O-O 9. Ne2 c6 10. c3 Nd7 11. O-O Nf6 12. N2g3 {0-1 (53) Harastova,V (1880)-Biro,K (2082) Slovakia 2015}) 6... dxe4 7. Qxe4 Bg7 8. Nf3 {White is slightly better.} O-O 9. O-O Nc6 10. c3 Bf5 11. Qh4 Na5 12. Be2 (12. Ng5 h6 $11) 12... f6 13. d5 (13. b4 $16 Nc6 14. Bc4+ Kh8 15. Re1) 13... b6 (13... Qxd5 $11 {keeps the balance.} 14. b4 g5 15. Nxg5 Qe5 16. Bc4+ Nxc4 17. Qxc4+ e6) 14. b4 Nb7 15. c4 (15. Re1 $16) 15... e5 $11 16. Ba3 (16. dxe6 $11 Bxe6 17. c5) 16... Rf7 17. Rfd1 (17. Nd2 $11) 17... Bf8 $15 18. g4 g5 19. Qg3 Bg6 20. Nd2 Bd6 21. Qe3 {Black should prevent c5.} Qf8 22. c5 bxc5 23. b5 {[#]} e4 $1 {[%mdl 512] And now ...Qh6 would win.} 24. Nxe4 $2 {[%mdl 8192]} ({White should play} 24. Nc4 $15) 24... Re8 $19 25. f3 Be5 26. Bd3 $2 (26. Rac1 Bf4 {[%mdl 64] Skewer} 27. Qf2) 26... Bxa1 27. Rxa1 f5 $1 {[%cal Rf5e4]} 28. gxf5 Rxf5 29. Kg2 $2 (29. Rf1 {keeps fighting.} g4 30. f4) 29... Qg7 30. Re1 Bf7 $2 (30... Nd6 $19 {has better winning chances. aiming for ...g4.} 31. Bxc5 Rf4 32. Bxd6 (32. Bd4 $2 Qf7 $19) 32... cxd6) 31. Qd2 $17 Rxd5 {[#]} (31... g4 $17 32. f4 Qh6) 32. Qc2 $2 (32. Nf6+ $1 $11 {[%mdl 512] and White stays safe.} Qxf6 33. Rxe8+ Bxe8 34. Bc4 {[%mdl 64] Pin}) 32... g4 $19 33. f4 (33. Kh1 $142 Kf8 34. Rf1) 33... Nd6 $2 ({Better is} 33... Qh6 $19 34. Kg1 Nd6) 34. Bb2 $14 {[#]} Qh6 $2 {[%mdl 8192]} (34... Rd4 $1 $14 35. Qxc5 {[%mdl 64] Double Attack, Pin} (35. Bxd4 Qxd4) 35... Rxd3 36. Bxg7 Nxe4 37. Rxe4 Bd5 {[%mdl 64] Pin}) 35. Nf6+ $18 {[%mdl 64] [#] Double Attack, Discovered Attack} Kf8 $2 (35... Qxf6 $1 $18 {[%mdl 512]} 36. Bxh7+ (36. Bxf6 Rxe1 37. Kf2 Re6 $11) 36... Kf8 37. Rxe8+ (37. Bxf6 Rxe1 38. Kf2 Rh1 $15) 37... Nxe8 38. Bxf6 Nxf6) 36. Nd7+ {[%mdl 64] Double Attack} Kg8 {[#] Strongly threatening ...Qh3+.} 37. Bxh7+ $1 {[%mdl 576] Deflection, Decoy. White mates.} Qxh7 38. Nf6+ {[%mdl 64] Double Attack} Kf8 39. Nxh7+ Kg8 40. Nf6+ {[%mdl 64] Double Attack} Kf8 41. Rxe8+ Nxe8 42. Nxd5 Bxd5+ 43. Kg3 {Accuracy: White = 34%, Black = 32%.} 1-0

[Event "8. Arber-Schachopen 2019"]
[Site "Bodenmais"]
[Date "2019.07.27"]
[Round "1.25"]
[White "Peglau, Charis"]
[Black "Fauth, Dietmar"]
[Result "0-1"]
[WhiteElo "1540"]
[BlackElo "2122"]
[Annotator "TA"]
[PlyCount "70"]
[EventDate "2019.07.27"]
[EventCountry "GER"]
[SourceTitle "playchess.com"]
[Source "ChessBase"]
[SourceQuality "1"]

{[%evp 20,70,29,21,20,4,15,-40,-40,-54,-38,-52,-58,-117,-85,-90,-89,-104,-20,-32,-8,-35,-20,-42,0,-27,2,-35,-35,-38,-41,-50,-45,-45,-52,-185,-160,-433,-445,-627,-622,-743,-715,-1321,-1295,-1118,-829,-800,-785,-898,-785,-5426,-5368]} 1. e4 c5 2. Nf3 Nc6 3. d4 cxd4 4. Nxd4 e5 5. Nb5 d6 6. c4 Be7 7. Be3 Nf6 8. f3 Be6 9. Be2 O-O 10. O-O a6 11. N5c3 Nd7 {B44: Sicilian: Taimanov: 5 Nb5} 12. Nd5 Bxd5 (12... Bg5 13. Bf2 f5 14. exf5 Bxf5 15. Nbc3 Nc5 16. b4 Ne6 17. Bd3 g6 18. Be4 Ncd4 19. Ne3 Bxe4 20. Nxe4 {1-0 (65) Sarbok,T (2349)-Rau,H (2464) Germany 2012}) 13. Qxd5 {[#]} (13. cxd5 $11 Nd4 14. Nd2) 13... Nd4 $146 {[%mdl 512] Black is slightly better.} ({Predecessor:} 13... Qa5 14. Qxa5 Nxa5 15. Nc3 Nf6 16. Rfd1 Rac8 17. b3 Nc6 18. Rac1 h6 19. g4 {0-1 (46) Galljamov,A (2089)-Yakupov,D (2097) Maloyaz 2011}) 14. Bxd4 exd4 15. Nd2 Qb6 {...d3+ is the strong threat.} 16. Kh1 ({White should try} 16. Rf2 $15) 16... Qxb2 17. Rfd1 Nc5 18. Bf1 {[#]} Rac8 (18... Na4 $1 $17 {[%cal Ra4c3] Threatens to win with ...Nc3.} 19. Rab1 Qxa2) 19. Nb3 $1 $11 Bf6 20. Nxd4 Na4 21. Rab1 Qf2 (21... Qxa2 $5 {[%cal Ra4c3]} 22. Ra1 Qf2 23. Rxa4 Rc5 24. Qxd6 Rd8 $15) 22. Ne2 b6 {[%cal Bb7b6,Bb6b5,Bb5a4][%mdl 32]} 23. Qxd6 Nb2 $36 {[%mdl 2048] Black has the initiative.} 24. Rdc1 Nxc4 25. Qg3 Qxg3 26. Nxg3 b5 27. a4 (27. Bxc4 $15 bxc4 28. Ne2) 27... Nd2 $19 28. Rxc8 $2 (28. axb5 $17 Nxb1 29. Rxb1 axb5 30. Nh5) 28... Rxc8 {Black is clearly winning.} 29. Rd1 (29. Re1 $142 Nxf1 30. Nxf1 bxa4 31. e5) 29... Nxf1 30. Rxf1 bxa4 {KRB-KRN} 31. f4 Bb2 32. Nf5 Rc1 33. Rxc1 Bxc1 34. Ne7+ Kf8 35. Nd5 Bd2 {Accuracy: White = 18%, Black = 44%.} 0-1

[Event "8. Arber-Schachopen 2019"]
[Site "Bodenmais"]
[Date "2019.07.27"]
[Round "1.26"]
[White "Gruettner, Ralf"]
[Black "Roesch, Felix"]
[Result "1-0"]
[WhiteElo "2118"]
[BlackElo "1578"]
[Annotator "TA"]
[PlyCount "39"]
[EventDate "2019.07.27"]
[EventCountry "GER"]
[SourceTitle "playchess.com"]
[Source "ChessBase"]
[SourceQuality "1"]

{[%evp 17,39,39,47,50,44,47,56,52,102,97,283,281,281,279,282,253,402,398,409,364,679,695,1345,1336]} 1. d4 Nf6 2. c4 e5 3. dxe5 Ng4 4. Nf3 Bb4+ 5. Bd2 Bxd2+ 6. Qxd2 Nc6 7. e3 Ngxe5 8. Nxe5 Nxe5 9. Be2 O-O 10. Nc3 {A52: Budapest Gambit} d6 11. O-O Be6 12. b3 {White is slightly better.} Re8 $146 ({Predecessor:} 12... Nd7 13. Bf3 Rb8 14. Rad1 a6 {½-½ (31) Glavas,D (2228)-Mestrovic,Z (2271) Bol 2015}) 13. f4 Ng4 $2 {[#]} (13... Nc6 $16) 14. f5 $18 Bxf5 15. Rxf5 Nxe3 16. Rf3 Qg5 (16... Ng4 $142 17. Raf1 Ne5) 17. Bd3 Qc5 18. Kh1 Re5 $2 (18... c6 19. h3 Qe5) 19. Na4 Qd4 {[#]} 20. Bxh7+ $1 {[%mdl 576] Discovered Attack} 1-0

[Event "8. Arber-Schachopen 2019"]
[Site "Bodenmais"]
[Date "2019.07.28"]
[Round "2.1"]
[White "Delchev, Aleksander"]
[Black "Jergler, Karl-Heinz"]
[Result "1-0"]
[WhiteElo "2571"]
[BlackElo "2094"]
[Annotator "TA"]
[PlyCount "49"]
[EventDate "2019.07.27"]
[EventCountry "GER"]
[SourceTitle "playchess.com"]
[Source "ChessBase"]
[SourceQuality "1"]

{[%evp 20,49,47,47,53,29,55,31,36,33,30,15,100,100,109,108,164,159,188,172,168,158,225,210,224,225,222,200,334,289,540,489]} 1. e4 c5 2. Nf3 Nc6 3. d4 cxd4 4. Nxd4 g6 5. c4 Nf6 6. Nc3 d6 7. f3 Nxd4 8. Qxd4 Bg7 9. Be3 O-O 10. Qd2 Be6 11. Rc1 a6 {B36: Sicilian: Maroczy Bind: Gurgenidze System} (11... Qa5 12. b3 Rfc8 13. Bd3 a6 14. Na4 Qxd2+ 15. Kxd2 Nd7 16. Nc3 b5 17. Nd5 Bxd5 18. cxd5 b4 19. Rxc8+ Rxc8 {½-½ (60) So,W (2762)-Guseinov,G (2664) chess.com INT 2019}) 12. b3 Rc8 13. Bd3 b5 {White is slightly better.} 14. cxb5 $146 ({Predecessor:} 14. Nd5 bxc4 15. Bxc4 Nxd5 16. exd5 Bd7 17. O-O a5 18. Bd4 Re8 19. Bxg7 Kxg7 {1-0 (42) Ly,M (2462)-Leon Hoyos,M (2517) Tromsoe 2014}) 14... axb5 15. O-O (15. Bxb5 Rxc3 16. Rxc3 Qa5 $15) 15... b4 (15... d5 $1 $11 16. Nxd5 (16. Bxb5 d4 $11) (16. Nxb5 dxe4 17. Rxc8 Qxc8 $11) 16... Nxd5 17. Rxc8 (17. exd5 Qxd5 18. Rcd1 Qe5 $11) 17... Bxc8 18. exd5 Qxd5) 16. Nb5 $16 {[%cal Bc3b5,Bb5a7,Ba7c6][%mdl 32]} Qa5 17. a3 $1 {[%cal Ba2a3,Ba3b4,Bb4b5][%mdl 32]} Bxb3 (17... Rxc1 $16 {was called for.} 18. Rxc1 Rc8) 18. axb4 $18 Qa2 19. Qxa2 Bxa2 {[#]} 20. Na7 $1 $36 {[%cal Ra7c8][%mdl 2048] White has strong initiative.} Rxc1 (20... Ra8 $16 21. Rc7 Be6) 21. Rxc1 Be6 {[#]} 22. b5 $1 Nd7 23. Bc4 Nc5 (23... Bb2 $142 24. Rc2 Bf6 25. Bxe6 fxe6) 24. Nc6 Bf6 $2 {[#]} (24... Bxc4 25. Nxe7+ (25. Rxc4 Ra8 $18) 25... Kh8) 25. e5 $1 {[%mdl 512] Accuracy: White = 71%, Black = 26%.} 1-0

[Event "8. Arber-Schachopen 2019"]
[Site "Bodenmais"]
[Date "2019.07.28"]
[Round "2.2"]
[White "Medunova, Vera"]
[Black "Mirzoev, Emil"]
[Result "0-1"]
[WhiteElo "2093"]
[BlackElo "2493"]
[Annotator "TA"]
[PlyCount "70"]
[EventDate "2019.07.27"]
[EventCountry "GER"]
[SourceTitle "playchess.com"]
[Source "ChessBase"]
[SourceQuality "1"]

{[%evp 23,70,0,3,-14,-2,-8,3,-6,-3,-14,0,0,0,0,0,11,62,41,27,0,12,0,12,24,20,0,0,0,0,0,22,25,38,6,12,10,12,0,0,-7,5,-35,-28,-36,-49,-500,-476,-1473,-1429]} 1. e4 c5 2. Nf3 Nc6 3. d4 cxd4 4. Nxd4 Nf6 5. Nc3 d6 6. Be2 e6 7. Be3 Be7 8. O-O O-O 9. f4 a6 10. a4 Qc7 11. Nb3 b6 12. Bf3 Bb7 13. Rf2 {B85: Sicilian Scheveningen: 6 Be2 a6, lines with early Be3} (13. Qe2 Na5 14. Nxa5 bxa5 15. f5 d5 16. fxe6 dxe4 17. Bg4 Qc6 18. exf7+ Rxf7 19. Bf5 Re8 20. Kh1 Bb4 21. Nd1 {0-1 (35) Indjic,A (2592)-Korobov,A (2675) Karlsruhe 2019}) 13... Rfd8 14. Qf1 $146 ({Predecessor:} 14. Rd2 Rac8 15. Qe2 Nb8 16. Rad1 Nbd7 17. h3 Qb8 18. Qf2 Qa8 19. e5 dxe5 20. fxe5 Nxe5 21. Bxb7 Qxb7 22. Bxb6 Rxd2 23. Nxd2 {0-1 (40) Kulovic,E-Postoev,A (2119) Germany 2002}) 14... d5 15. exd5 $1 {The position is equal.} exd5 {[#] Strongly threatening ...d4.} 16. Rd1 {[%cal Rc3d5]} Nb4 17. Rfd2 Bc5 18. Qf2 {[%cal Rb3c5]} Rac8 19. Bd4 Qe7 (19... Bxd4 $11 20. Qxd4 Nc6) 20. h3 Bxd4 21. Rxd4 (21. Nxd4 {looks sharper.} g6 22. f5 Re8 23. Re2 Qc7 24. fxg6 hxg6 25. Bg4) 21... Re8 22. Kh2 a5 23. R4d2 Qc7 24. g3 Ne4 25. Bxe4 $1 dxe4 26. Qe3 Bc6 27. Nd4 Rcd8 28. Nxc6 (28. Nf5 $5 {[%cal Rd2d8]}) 28... Rxd2+ 29. Rxd2 Qxc6 30. Kg1 h6 31. Kf2 f5 32. h4 Kh7 33. Ke2 {[#]} Nd3 $1 {[%mdl 512]} 34. Kf1 $2 {[%mdl 8192]} (34. Nd1 $1 $15) (34. cxd3 exd3+) 34... Nxb2 $19 {aiming for ...Nc4!} 35. Nd5 (35. Re2 $142 Rd8 36. Kg2) 35... Nc4 {[%mdl 64] Double Attack. Accuracy: White = 26%, Black = 64%.} 0-1

[Event "8. Arber-Schachopen 2019"]
[Site "Bodenmais"]
[Date "2019.07.28"]
[Round "2.3"]
[White "Pap, Misa"]
[Black "Kottmair, Toni"]
[Result "1-0"]
[WhiteElo "2461"]
[BlackElo "2086"]
[Annotator "TA"]
[PlyCount "87"]
[EventDate "2019.07.27"]
[EventCountry "GER"]
[SourceTitle "playchess.com"]
[Source "ChessBase"]
[SourceQuality "1"]

{[%evp 22,87,54,16,22,0,19,15,50,47,33,51,45,39,947,927,601,340,340,277,279,272,268,278,268,255,231,177,302,295,271,247,318,257,293,281,290,285,293,311,362,319,307,268,272,277,262,240,327,245,334,333,734,722,851,862,904,934,981,986,1049,1027,1080,1076,1027,997,938,920]} 1. e4 c5 2. Nf3 Nc6 3. c3 Nf6 4. e5 Nd5 5. d4 cxd4 6. Bc4 Nb6 7. Bb3 d5 8. exd6 Qxd6 9. O-O e6 10. cxd4 Be7 11. Nc3 O-O 12. Be3 Nd5 {B22: Sicilian: 2 c3} 13. Ne4 (13. Qe2 b6 14. Nxd5 exd5 15. Ne5 Nxe5 16. Bf4 Ba6 17. dxe5 Qb4 18. Qxa6 Qxf4 {½-½ (18) Kalezic,B (2449)-Draskovic,L (2444) Bar 2018}) 13... Nxe3 14. fxe3 Qb4 $146 {The position is equal.} ({Predecessor:} 14... Qd8 15. a3 f5 16. Nc3 Bf6 17. Rc1 Kh8 18. Nd2 Bg5 19. Re1 Nxd4 20. Bc4 Nc6 21. Qe2 Ne5 22. Nf3 Bxe3+ {0-1 (22) Krawcheni,A (1838)-Stojic,D (2054) Canberra 2006}) 15. Nfg5 Bxg5 $1 16. Nxg5 {Strongly threatening Qh5!} h6 17. Ne4 $40 {[%mdl 128] White has some attack.} Na5 $2 {[%mdl 8192] [#]} (17... Qe7 $14) 18. Nf6+ $1 $18 {[%mdl 512]} Kh8 (18... gxf6 19. Qg4+) 19. Bc2 Qb5 20. Nh7 Bd7 21. Nxf8 Rxf8 22. Qd3 {[%csl Gc2][%cal Rd3h7] [#]} f5 23. Qa3 Rc8 24. Bd3 Qb6 (24... Nc4 $142) 25. Rac1 {aiming for Rxc8+.} Nc6 26. Rc5 Qd8 27. Be2 Qf6 28. b4 a6 29. Bf3 Rd8 30. Qc3 Be8 31. g3 Kh7 32. a3 Rd6 33. Kh1 Qd8 34. Qc2 Bg6 35. Qe2 e5 36. Bxc6 exd4 $2 (36... Rxc6 37. Rxe5 Rc3) 37. Bxb7 {White is clearly winning.} d3 38. Qd2 f4 39. exf4 Qe7 40. Bf3 Be4 41. Kg1 Qb7 42. Bxe4+ Qxe4 43. Re5 Qd4+ 44. Re3 {Accuracy: White = 66%, Black = 34%.} 1-0

[Event "8. Arber-Schachopen 2019"]
[Site "Bodenmais"]
[Date "2019.07.28"]
[Round "2.4"]
[White "Schwenkreis, Thomas"]
[Black "Milov, Leonid"]
[Result "0-1"]
[WhiteElo "2048"]
[BlackElo "2472"]
[Annotator "TA"]
[PlyCount "30"]
[EventDate "2019.07.27"]
[EventCountry "GER"]
[SourceTitle "playchess.com"]
[Source "ChessBase"]
[SourceQuality "1"]

{[%evp 9,76,-8,-8,-11,-9,-61,-39,-60,-29,-50,-42,-92,-77,-93,-82,-91,-77,-100,-94,-106,-79,-79,-65,-62,-73,-114,-76,-68,-53,-66,-76,-56,-58,-87,-91,-84,-73,-122,-114,-102,-101,-119,-122,-100,-100,-119,-124,-123,-121,-125,-109,-177,-150,-212,-203,-356,-331,-495,-350,-807,-805,-745,-750,-1794,-1508,-29986,-29987,-29992,-29993]} 1. e4 c5 2. f4 g6 3. Nf3 Bg7 4. c3 Nc6 5. Bc4 e6 (5... d6 6. O-O e6 7. d3 Nge7 8. Qe1 O-O {½-½ (8) Iustin,S (2005)-Stan,A (1918) Calimanesti Caciulata 2019}) 6. e5 {B21: Sicilian: 2 f4 and Morra Gambit} d6 {[%cal Rd6e5]} 7. exd6 ({White should try} 7. d4 $11) 7... Nh6 $146 ({Predecessor:} 7... Qxd6 8. d3 Nge7 9. O-O a6 10. Qe2 b5 11. Bb3 Bb7 {0-1 (79) Hernandez,R (1798)-Dacres,D (1713) Baku 2016}) 8. Bb5 {Black is slightly better.} Bd7 9. O-O Nf5 10. Bxc6 Bxc6 11. Ne5 Qxd6 12. Qe2 O-O 13. Nxc6 Qxc6 ({Much worse is} 13... bxc6 14. Na3 $11) 14. d3 Rad8 15. Nd2 b5 {Played: Qc6-a6} 0-1